| 000 | 00523nam a2200193Ia 4500 | ||
|---|---|---|---|
| 008 | 200601s9999 xx 000 0 und d | ||
| 020 | _a971-0328-22-0 | ||
| 050 | _aREF DS 654 | ||
| 050 | _b.N49 2007 | ||
| 245 | 4 | _aThe New Philippine almanac / | |
| 260 | _a[s. l. ] | ||
| 260 | _bEncleare Foundation, | ||
| 260 | _c2007 | ||
| 300 | _a481 pages : | ||
| 300 | _billustrations ; | ||
| 300 | _c28 cm. | ||
| 500 | _aIncludes bibliographical references and index. | ||
| 650 | _aPhilippines -- History -- Miscellanea. | ||
| 999 |
_c363296 _d363296 |
||